[Event "1st Irena Warakomska Memorial"]
[Site "Suwalki"]
[Date "2017.08.18"]
[Round "9"]
[White "Barski, Radoslaw"]
[Black "Kaczmarek, Aleksander"]
[Result "1-0"]
[WhiteElo "2444"]
[BlackElo "2368"]
[Annotator "TA"]
[PlyCount "79"]
[EventDate "2017.??.??"]
[EventType "swiss"]
[EventCountry "POL"]
[SourceTitle "playchess.com"]
[Source "ChessBase"]
[SourceQuality "1"]

{[%evp 9,79,-18,14,12,27,9,20,0,7,-1,30,25,38,-9,-13,-8,-4,-8,0,0,0,0,0,0,8,10,12,12,22,16,19,17,27,31,39,36,38,15,29,16,74,53,69,31,31,33,42,40,135,133,157,153,174,162,116,107,264,271,264,250,355,340,740,722,1632,1455,2043,1689,29989,29990,29990,29991]} 1. e4 c6 2. d4 {[%cal Bd2d4,Bd4c5][%mdl 32]} d5 3. e5 c5 4. dxc5 e6 5. Qg4 Ne7 6. Nf3 {B12: Caro-Kann: Advance Variation} Nbc6 7. Bd3 (7. Bb5 Ng6 8. Be3 Bd7 9. Bxc6 bxc6 10. c3 Qb8 11. Qb4 Qc7 12. Qd4 Ne7 13. Qd3 {½-½ (42) Vachier Lagrave,M (2796)-Fontaine,R (2549) chess.com INT 2017}) 7... Ng6 8. Qg3 {The position is equal.} (8. Bxg6 $5 hxg6 9. Be3 $11) 8... Bxc5 9. O-O Bd7 $146 ({Predecessor:} 9... Nb4 10. h4 Nxd3 11. cxd3 O-O 12. d4 Be7 13. h5 Nh4 14. Nxh4 Bxh4 15. Qd3 Qb6 16. Nc3 f6 17. Be3 {1-0 (17) Kariz,P-Fitzgerald,E ICCF email 1994}) 10. Nbd2 {[%cal Bb1d2,Bd2b3,Bb3d4][%mdl 32]} Nb4 11. Nb3 Nxd3 12. cxd3 Be7 13. Be3 b6 14. Nbd4 Rc8 15. Rfe1 O-O 16. Bg5 Bxg5 17. Nxg5 Qe7 18. a3 Rc5 19. h4 {[%cal Bh2h4,Bh4h5][%mdl 32]} h6 20. Ngf3 Rfc8 21. h5 $40 {[%mdl 128] White mounts an attack.} Nf8 22. Qf4 Nh7 23. Rad1 Ra5 24. Rc1 {[#] Hoping for Rxc8+.} (24. Nb3 $5 {[%cal Rb3a5]} Ba4 25. Nxa5 Bxd1 26. Rxd1 bxa5 27. Rc1 $11) 24... Rcc5 (24... Rac5 $11 {remains equal.}) 25. Qd2 Ra4 26. b4 Rxc1 27. Qxc1 a5 28. Qc7 axb4 (28... Rxa3 $14 29. bxa5 bxa5) 29. axb4 $16 Ng5 30. Nxg5 hxg5 31. Nc6 Qe8 32. b5 Rh4 $2 {[#]} (32... Ra3 $16 {might work better.}) 33. g3 $1 $18 {[%cal Rg3h4]} ({Weaker is} 33. Qxb6 f5 $11) 33... Ra4 34. Qxb6 Ra3 (34... Kh7 $142 35. Rc1 Ra8) 35. Qc5 Rxd3 $2 (35... Rb3 36. Ra1 Rxd3 37. Ne7+ Kh8) 36. Rb1 d4 37. Ne7+ Kh8 38. b6 {[%cal Bb5b6,Bb6b7][%mdl 32]} Bc6 39. Qxc6 Qxe7 40. b7 {Precision: White = 76%, Black = 21%.} 1-0

[Event "1st Irena Warakomska Memorial"]
[Site "Suwalki"]
[Date "2017.08.18"]
[Round "9"]
[White "Bilguun, Sumiya"]
[Black "Tomczak, Jacek"]
[Result "1-0"]
[WhiteElo "2443"]
[BlackElo "2598"]
[Annotator "TA"]
[PlyCount "53"]
[EventDate "2017.??.??"]
[EventType "swiss"]
[EventCountry "POL"]
[SourceTitle "playchess.com"]
[Source "ChessBase"]
[SourceQuality "1"]

{[%evp 20,53,66,65,66,60,67,0,0,0,0,0,0,0,0,11,81,90,310,307,298,299,275,298,300,299,1628,1505,1887,1852,29993,29991,29991,29992,29995,29996]} 1. e4 e6 2. d4 d5 3. Nd2 Nf6 4. e5 Nfd7 5. c3 c5 6. f4 Nc6 7. Ndf3 Be7 8. Bd3 cxd4 9. cxd4 Qb6 10. Ne2 {C05: French Tarrasch: 3...Nf6 4 e5 Nfd7, 5 f4 and 5 Bd3 sidelines} f6 (10... Bb4+ 11. Bd2 Bxd2+ 12. Qxd2 Qb4 13. Rc1 Qxd2+ 14. Kxd2 Nb6 15. b3 Bd7 16. g4 h5 17. h3 hxg4 18. hxg4 Ke7 {1-0 (36) Collutiis,D (2462)-Ladron de Guevara Pinto,P (2325) Condino 2014}) 11. a3 {LiveBook: 6 Games} O-O 12. Qc2 {White is slightly better.} h6 13. Nh4 $146 (13. b4 $14) ({Find the theoretical novelty and annotate with similar games:} 13. b4 fxe5 14. fxe5 Rxf3 15. gxf3 Nxd4 16. Nxd4 Qxd4 17. Bb2 Qf4 {0-1 (30) Podymov,A (2360)-Heinsohn,M (2280) ICCF corr 1997}) 13... fxe5 $11 14. Bh7+ Kh8 15. Ng6+ Kxh7 16. Nxf8+ {[%cal Bg6f8,Bf8e6,Be6g5][%mdl 32]} Kg8 17. Nxe6 {Threatens to win with Qg6.} exd4 (17... Nf6 $11 18. fxe5 Bxe6 19. exf6 Bxf6) 18. Qg6 $36 {[%csl Ge6][%cal Rg6g7][%mdl 2048] White has strong initiative.} Bf6 $2 {[#]} (18... Bf8 $16 19. Qe8 d3) 19. Qe8+ $1 $18 Kh7 20. h4 {Ng5+! is the strong threat.} (20. f5 $6 Nd8 $18) 20... Nd8 {[#]} 21. Ng5+ $1 {[%mdl 512]} Bxg5 (21... hxg5 22. hxg5#) 22. hxg5 ({Don't take} 22. fxg5 $6 Qe6 $16) 22... Nc5 $2 (22... Qe6 23. Qxe6 (23. Qxd8 d3 $14) 23... Nxe6) 23. gxh6 Bf5 24. Qe7 {[%csl Gh6][%cal Re7g7]} Nde6 25. hxg7+ {White mates.} Kg6 26. g4 Bxg4 {[#]} 27. g8=Q+ $1 {Precision: White = 81%, Black = 41%.} 1-0

[Event "1st Irena Warakomska Memorial"]
[Site "Suwalki"]
[Date "2017.08.18"]
[Round "9"]
[White "Grib, Roman"]
[Black "Kanarek, Marcel"]
[Result "1/2-1/2"]
[WhiteElo "2427"]
[BlackElo "2530"]
[Annotator "TA"]
[PlyCount "99"]
[EventDate "2017.??.??"]
[EventType "swiss"]
[EventCountry "POL"]
[SourceTitle "playchess.com"]
[Source "ChessBase"]
[SourceQuality "1"]

{[%evp 9,99,6,9,9,39,45,51,41,50,51,45,19,32,27,23,18,27,14,31,21,9,21,22,11,11,-20,-11,-35,54,29,33,34,33,-11,20,16,12,0,0,-26,0,-57,-60,-109,-60,-199,0,0,0,0,0,0,0,0,0,0,0,0,0,0,0,0,0,0,0,0,0,0,0,0,0,0,0,0,0,0,0,0,0,0,0,0,0,0,0,0,0,0,0,0,0,0]} 1. e4 c5 2. Nf3 e6 3. c4 Nc6 4. Nc3 e5 5. a3 d6 6. b4 {B40: Sicilian: 2...e6, Unusual lines} cxb4 $146 ({Predecessor:} 6... b6 7. d3 Be7 8. Be2 Nf6 9. b5 Nd4 10. Bg5 Ne6 11. Bd2 O-O 12. O-O Ne8 13. Ne1 {½-½ (40) Paichadze,L (2529)-Grachev,B (2675) Yerevan 2014}) 7. axb4 Nxb4 8. d4 {[#] Black must now prevent Qa4+.White is slightly better.} a5 9. Ba3 {Hoping for Bxb4.} Bd7 10. Be2 Nf6 11. O-O exd4 12. Nxd4 Be7 13. Qb3 O-O 14. Bxb4 axb4 15. Rxa8 Qxa8 16. Qxb4 Re8 17. Rb1 Bc6 18. Nd5 {Strongly threatening Nc7.} Qa2 (18... Nxe4 $15 19. Nxe7+ Rxe7) 19. Bd3 Bxd5 20. cxd5 Bf8 21. Nc2 Qa7 (21... Nxe4 $5 22. Re1 (22. Qxb7 Nc3 $15) (22. Bxe4 Rxe4 23. Qb3 Qxb3 $15) 22... Nf6 $11) 22. Ne3 g6 23. h3 h5 24. g4 hxg4 (24... Bh6 $5 {[%cal Rh6e3]} 25. Qc3 (25. Qxd6 Qd4 $17) 25... Nxe4 26. Bxe4 Rxe4 27. Qc8+ Kg7 28. Qc3+ Kh7 $15) 25. hxg4 (25. Nxg4 $11 Nxg4 26. hxg4) 25... Bh6 $15 26. Qxd6 Qd4 27. Rb4 {[#]} (27. Re1 $1 $15) 27... Qxd3 $2 ({Better is} 27... Qa1+ $1 $19 28. Kg2 Bxe3 29. fxe3 Qe1) 28. Qxf6 $11 {The position is equal.} Bxe3 29. Rxb7 Rf8 30. fxe3 {Qf3 is the strong threat.} Qxe3+ {[%mdl 4096] Endgame KQR-KQR} 31. Kh2 Qxe4 32. Rd7 $1 Qxg4 33. Rd8 Qe2+ 34. Kg3 Qe3+ 35. Kg2 Qe2+ 36. Kg3 Qe1+ 37. Kg2 Qe2+ 38. Kg3 Qe3+ 39. Kg2 Qe2+ 40. Kg3 Qe1+ 41. Kg2 Qd2+ 42. Kg3 Qd3+ (42... g5 $5 {[%cal Rd2f4]} 43. Rxf8+ Kxf8 $11) 43. Kg2 Qc2+ 44. Kh3 Qb3+ 45. Kg2 Qc2+ 46. Kh3 Qd3+ 47. Kg2 Qe4+ 48. Kg3 Qd3+ 49. Kg2 Qc2+ 50. Kh3 {Precision: White = 55%, Black = 64%.} 1/2-1/2

[Event "1st Irena Warakomska Memorial"]
[Site "Suwalki"]
[Date "2017.08.18"]
[Round "9"]
[White "Zawadzka, Jolanta"]
[Black "Sandipan, Chanda"]
[Result "1/2-1/2"]
[WhiteElo "2420"]
[BlackElo "2568"]
[Annotator "TA"]
[PlyCount "111"]
[EventDate "2017.??.??"]
[EventType "swiss"]
[EventCountry "POL"]
[SourceTitle "playchess.com"]
[Source "ChessBase"]
[SourceQuality "1"]

{[%evp 19,111,81,83,56,110,104,123,106,107,98,108,95,137,126,135,126,141,60,96,89,104,72,61,69,99,67,96,37,30,22,24,20,25,16,19,9,40,32,89,70,75,75,68,68,62,75,192,182,171,104,144,154,152,139,214,218,181,100,94,103,103,99,92,93,98,0,0,0,0,0,0,0,0,0,0,0,0,0,0,0,0,0,0,0,0,0,0,0,0,0,0,0,0,0]} 1. e4 g6 2. d4 Bg7 3. Nc3 c6 4. Nf3 d6 5. Be3 Nf6 6. Qd2 Ng4 7. Bg5 {[%cal Be3g5,Bg5h4,Bh4g3][%mdl 32] B08: Pirc Defence: Classical System} h6 8. Bh4 Nf6 9. h3 b5 10. Bd3 O-O {LiveBook: 4 Games} 11. O-O g5 (11... e5 $14) 12. Bg3 $16 Nbd7 $146 ({Predecessor:} 12... Nh5 13. Bh2 Nd7 14. a4 bxa4 15. Rxa4 e5 16. dxe5 dxe5 17. Qe3 {0-1 (46) Shabanov,Y (2410)-Zakharevich,I (2345) Smolensk 1992}) 13. e5 dxe5 14. Nxe5 Nxe5 15. Bxe5 Nd5 16. Bxg7 Kxg7 17. Nxd5 Qxd5 18. Qe3 (18. c3 $1 $16) 18... Bf5 19. Bxf5 Qxf5 20. f4 g4 21. hxg4 Qxg4 22. Rf3 {Black must now prevent Rg3.} (22. Qxe7 Rfe8 $15) 22... Kh7 23. Qxe7 ({White should try} 23. a4 $16) 23... Rae8 $14 24. Qa3 (24. Qxa7 Re2 $19) 24... Rg8 {[%csl Gg8][%cal Rg4g2]} 25. Rf2 Re4 26. Qxa7 Rxf4 27. Raf1 Rg7 (27... Qh3 $5 {[%cal Rg8g2]} 28. d5 cxd5 $14) 28. Qc5 Qg6 (28... Rf3 $14) 29. Qe5 Rg4 30. Qe2 $1 f5 31. Rd1 Qh5 32. Rd2 $1 Qh4 (32... b4 $16) 33. Qe5 $18 ({Stronger than} 33. Rxf5 Rxg2+ 34. Qxg2 Rxg2+ 35. Rxg2 Qxd4+ 36. Rff2 b4 $11) 33... f4 34. Rde2 ({Better is} 34. d5 $18) 34... Rf7 35. Qe6 Qh5 {intending ...Rh4.} 36. Re5 Rg5 (36... Qg6 $16 37. Qxg6+ Rxg6) 37. Rxg5 $1 hxg5 {[%mdl 4096] Endgame [#] KQR-KQR} 38. Rf3 (38. g4 $1 $18 {[%cal Rg4h5]} Qg6 39. Re2 (39. Rh2+ Kg7 $16)) 38... g4 $16 39. Qe4+ Qg6 40. Rxf4 Rxf4 41. Qxf4 Qxc2 {[#]} 42. Qxg4 (42. Qf2 $1 $16 {[%cal Rf2c2]} Qb1+ 43. Kh2) 42... Qxb2 {KQ-KQ. The position is equal.} 43. Qe4+ (43. d5 $5 Qa1+ 44. Kh2 Qe5+ 45. Kh3 Qxd5 46. Qe2 $11) 43... Kg7 44. Qe5+ (44. a3 $5) 44... Kf7 45. Qc7+ (45. a3 $5) 45... Kg8 46. Qb8+ Kf7 47. Qa7+ Kf6 48. Qc5 Qb1+ 49. Kh2 Qh7+ 50. Kg3 Qd3+ 51. Kh4 Qe4+ 52. g4 Qe1+ 53. Kh3 Qe3+ 54. Kg2 Qe2+ 55. Kg3 Qe3+ 56. Kg2 {Precision: White = 48%, Black = 60%.} 1/2-1/2

[Event "1st Irena Warakomska Memorial"]
[Site "Suwalki"]
[Date "2017.08.18"]
[Round "9"]
[White "Czerwonski, Aleksander"]
[Black "Szustakowski, Antoni"]
[Result "0-1"]
[WhiteElo "2392"]
[BlackElo "2235"]
[Annotator "ChessBase"]
[PlyCount "76"]
[EventDate "2017.??.??"]
[EventType "swiss"]
[EventCountry "POL"]
[SourceTitle "playchess.com"]
[Source "ChessBase"]
[SourceQuality "1"]
[TimeControl "40/5400+30:1800+30"]

1. d4 {[%emt 0:00:00]} Nf6 {[%emt 0:00:06]} 2. c4 {[%emt 0:00:00]} e6 {[%emt 0:00:08]} 3. Nf3 {[%emt 0:00:00]} d5 {[%emt 0:00:10]} 4. Bg5 {[%emt 0:00:00]} Bb4+ {[%emt 0:00:22]} 5. Nc3 {[%emt 0:00:09]} dxc4 {[%emt 0:00:06]} 6. e4 {[%emt 0:00:08]} c5 {[%emt 0:00:18]} 7. Bxc4 {[%emt 0:08:11]} cxd4 {[%emt 0:01:18]} 8. Nxd4 {[%emt 0:02:30]} Bxc3+ {[%emt 0:00:56]} 9. bxc3 {[%emt 0:00:09]} Qa5 {[%emt 0:00:09]} 10. Bxf6 {[%emt 0:02:54]} Qxc3+ {[%emt 0:04:36]} 11. Kf1 {[%emt 0:00:24]} gxf6 {[%emt 0:00:27]} 12. Rc1 {[%emt 0:04:28]} Qa5 {[%emt 0:03:03]} 13. Nb5 {[%emt 0:02:27]} a6 {[%emt 0:09:06]} 14. Nd6+ {[%emt 0:14:33]} Ke7 {[%emt 0:00:39]} 15. Be2 {[%emt 0:00:52]} Nc6 {[%emt 0:02:09]} 16. Nc4 {[%emt 0:01:06]} Qc5 {[%emt 0:10:47]} 17. Ne3 {[%emt 0:33:01]} Qd6 {[%emt 0:04:08]} 18. Qc2 {[%emt 0:01:45]} Rd8 {[%emt 0:12:05]} 19. g3 {[%emt 0:09:27]} Nd4 {[%emt 0:06:58]} 20. Qb1 {[%emt 0:01:57]} b5 {[%emt 0:06:55]} 21. Bd3 {[%emt 0:04:53]} Bb7 {[%emt 0:04:32]} 22. Kg2 {[%emt 0:01:49]} Rac8 {[%emt 0:03:55]} 23. Rhd1 {[%emt 0:02:45]} Rxc1 {[%emt 0:05:08]} 24. Qxc1 {[%emt 0:00:04]} Rc8 {[%emt 0:03:21]} 25. Qb2 {[%emt 0:00:27]} Qe5 {[%emt 0:04:49]} 26. f4 {[%emt 0:02:11]} Qc5 {[%emt 0:01:49]} 27. Bb1 {[%emt 0:01:35]} Nc2 {[%emt 0:02:18]} 28. Qxc2 {[%emt 0:04:54]} Qxe3 {[%emt 0:00:13]} 29. Qd3 {[%emt 0:00:53]} Qxd3 {[%emt 0:00:09]} 30. Bxd3 {[%emt 0:00:01]} f5 {[%emt 0:00:37]} 31. Re1 {[%emt 0:01:19]} fxe4 {[%emt 0:00:27]} 32. Bxe4 {[%emt 0:00:30]} Bxe4+ {[%emt 0:00:20]} 33. Rxe4 {[%emt 0:00:01]} Rc2+ {[%emt 0:00:06]} 34. Kf3 {[%emt 0:00:09]} Rxa2 {[%emt 0:00:08]} 35. f5 {[%emt 0:00:03]} Rxh2 {[%emt 0:00:38]} 36. fxe6 {[%emt 0:00:22]} fxe6 {[%emt 0:00:05]} 37. Re1 {[%emt 0:00:11]} a5 {[%emt 0:00:34]} 38. Ra1 {[%emt 0:00:18]} a4 {[%emt 0:00:09]} 0-1

[Event "1st Irena Warakomska Memorial"]
[Site "Suwalki"]
[Date "2017.08.18"]
[Round "9"]
[White "Teclaf, Pawel"]
[Black "Zochowski, Kacper"]
[Result "1-0"]
[WhiteElo "2373"]
[BlackElo "2239"]
[Annotator "ChessBase"]
[PlyCount "81"]
[EventDate "2017.??.??"]
[EventType "swiss"]
[EventCountry "POL"]
[SourceTitle "playchess.com"]
[Source "ChessBase"]
[SourceQuality "1"]
[TimeControl "40/5400+30:1800+30"]

1. e4 e5 2. Nf3 Nc6 3. Bb5 a6 4. Ba4 Nf6 5. O-O Be7 6. Re1 b5 7. Bb3 O-O 8. a4 Bb7 9. d3 d6 10. Nc3 b4 11. Nd5 Nxd5 12. Bxd5 Bf6 13. c3 Rb8 14. Be3 bxc3 15. bxc3 Na5 16. Bxb7 Rxb7 17. Qe2 Qa8 18. d4 Rfb8 19. Rad1 Rb2 20. Qd3 Nc6 21. Qc4 exd4 22. cxd4 R2b4 23. Qd5 Nd8 24. Qf5 Ne6 25. d5 Nf8 26. e5 dxe5 27. Nxe5 Rxa4 28. Nc6 Re8 29. Bc5 Qc8 30. Qc2 Rg4 31. h3 Rg5 32. Rxe8 Qxe8 33. Bxf8 Qxf8 34. h4 Rh5 35. g4 Qc8 36. gxh5 Qg4+ 37. Kf1 Qh3+ 38. Ke1 Bc3+ 39. Ke2 Qg4+ 40. Kd3 Bf6 41. Qe2 1-0

[Event "1st Irena Warakomska Memorial"]
[Site "Suwalki"]
[Date "2017.08.18"]
[Round "9"]
[White "Stoma, Pawel"]
[Black "Czerw, Dawid"]
[Result "1/2-1/2"]
[WhiteElo "2348"]
[BlackElo "2222"]
[Annotator "ChessBase"]
[PlyCount "55"]
[EventDate "2017.??.??"]
[EventType "swiss"]
[EventCountry "POL"]
[SourceTitle "playchess.com"]
[Source "ChessBase"]
[SourceQuality "1"]
[TimeControl "40/5400+30:1800+30"]

1. Nf3 {[%emt 0:00:37]} c5 {[%emt 0:00:05]} 2. e4 {[%emt 0:00:35]} g6 {[%emt 0:00:05]} 3. c3 {[%emt 0:01:04]} Bg7 {[%emt 0:00:05]} 4. d4 {[%emt 0:00:35]} cxd4 {[%emt 0:00:05]} 5. cxd4 {[%emt 0:00:05]} d5 {[%emt 0:00:04]} 6. e5 {[%emt 0:02:33]} Bg4 {[%emt 0:00:10]} 7. Qb3 {[%emt 0:02:32]} Qd7 {[%emt 0:09:27]} 8. Nbd2 {[%emt 0:09:43]} Nc6 {[%emt 0:01:50]} 9. h3 {[%emt 0:01:28]} Bxf3 {[%emt 0:02:51]} 10. Nxf3 {[%emt 0:00:02]} e6 {[%emt 0:00:13]} 11. Bd3 {[%emt 0:01:49]} Nge7 {[%emt 0:00:30]} 12. Bd2 {[%emt 0:00:07]} O-O {[%emt 0:00:59]} 13. O-O {[%emt 0:06:45]} f6 {[%emt 0:01:26]} 14. Rae1 {[%emt 0:04:28]} f5 {[%emt 0:07:51]} 15. Qa3 {[%emt 0:07:45]} h6 {[%emt 0:00:59]} 16. b4 {[%emt 0:00:49]} a6 {[%emt 0:00:44]} 17. Qb2 {[%emt 0:01:33]} Nc8 {[%emt 0:06:13]} 18. a4 {[%emt 0:08:44]} N6e7 {[%emt 0:04:28]} 19. b5 {[%emt 0:03:12]} a5 {[%emt 0:00:58]} 20. b6 {[%emt 0:02:44]} Nc6 {[%emt 0:03:56]} 21. Rc1 {[%emt 0:03:42]} N8e7 {[%emt 0:01:12]} 22. h4 {[%emt 0:03:11]} Rfc8 {[%emt 0:03:51]} 23. Rc5 {[%emt 0:14:55]} Bf8 {[%emt 0:00:56]} 24. Rfc1 {[%emt 0:01:21]} Kf7 {[%emt 0:02:09]} 25. Ne1 {[%emt 0:07:02]} Ng8 {[%emt 0:02:08]} 26. R5c2 {[%emt 0:00:25]} Qd8 {[%emt 0:04:25]} 27. h5 {[%emt 0:01:43]} g5 {[%emt 0:02:17]} 28. g4 {[%emt 0:07:17]} 1/2-1/2

[Event "1st Irena Warakomska Memorial"]
[Site "Suwalki"]
[Date "2017.08.18"]
[Round "9"]
[White "Plichta, Kamil"]
[Black "Sagar, Shah"]
[Result "1/2-1/2"]
[WhiteElo "2341"]
[BlackElo "2397"]
[Annotator "ChessBase"]
[PlyCount "190"]
[EventDate "2017.??.??"]
[EventType "swiss"]
[EventCountry "POL"]
[SourceTitle "playchess.com"]
[Source "ChessBase"]
[SourceQuality "1"]
[TimeControl "40/5400+30:1800+30"]

1. e4 {[%emt 0:01:03]} c6 {[%emt 0:00:25]} 2. d4 {[%emt 0:01:11]} d5 {[%emt 0:00:09]} 3. e5 {[%emt 0:00:04]} Bf5 {[%emt 0:00:06]} 4. h4 {[%emt 0:00:04]} h5 {[%emt 0:00:28]} 5. Bd3 {[%emt 0:00:05]} Bxd3 {[%emt 0:00:29]} 6. Qxd3 {[%emt 0:00:06]} Qa5+ {[%emt 0:00:44]} 7. Nd2 {[%emt 0:00:06]} Qa6 {[%emt 0:00:55]} 8. c4 {[%emt 0:00:04]} e6 {[%emt 0:01:14]} 9. Ne2 {[%emt 0:03:41]} Nd7 {[%emt 0:02:31]} 10. b3 {[%emt 0:09:44]} Nh6 {[%emt 0:02:53]} 11. Qc3 {[%emt 0:07:53]} Nf5 {[%emt 0:02:43]} 12. Nf3 {[%emt 0:05:37]} dxc4 {[%emt 0:04:33]} 13. bxc4 {[%emt 0:05:10]} Nb6 {[%emt 0:00:44]} 14. c5 {[%emt 0:03:46]} Nd5 {[%emt 0:00:14]} 15. Qa3 {[%emt 0:06:22]} Qxa3 {[%emt 0:04:55]} 16. Bxa3 {[%emt 0:00:03]} O-O-O {[%emt 0:01:53]} 17. Ng5 {[%emt 0:00:34]} Rd7 {[%emt 0:07:48]} 18. Ne4 {[%emt 0:02:07]} f6 {[%emt 0:11:53]} 19. g3 {[%emt 0:01:35]} Be7 {[%emt 0:05:19]} 20. O-O {[%emt 0:01:52]} Rg8 {[%emt 0:05:07]} 21. Bb2 {[%emt 0:08:23]} g5 {[%emt 0:10:37]} 22. hxg5 {[%emt 0:03:42]} fxg5 {[%emt 0:00:27]} 23. Kg2 {[%emt 0:07:35]} g4 {[%emt 0:02:15]} 24. Rh1 {[%emt 0:00:31]} h4 {[%emt 0:00:49]} 25. gxh4 {[%emt 0:00:18]} Nxh4+ {[%emt 0:00:45]} 26. Kf1 {[%emt 0:01:06]} Rdd8 {[%emt 0:04:35]} 27. Bc1 {[%emt 0:02:20]} Rdf8 {[%emt 0:06:08]} 28. Rb1 {[%emt 0:02:02]} Rh8 {[%emt 0:05:32]} 29. Rb3 {[%emt 0:05:03]} Nf3 {[%emt 0:01:19]} 30. Rxh8 {[%emt 0:00:48]} Rxh8 {[%emt 0:00:02]} 31. Kg2 {[%emt 0:04:02]} Rh3 {[%emt 0:01:24]} 32. Be3 {[%emt 0:06:16]} a5 {[%emt 0:06:10]} 33. Nd6+ {[%emt 0:03:51]} Bxd6 {[%emt 0:01:46]} 34. exd6 {[%emt 0:00:14]} a4 {[%emt 0:01:49]} 35. Ra3 {[%emt 0:03:09]} Ne1+ {[%emt 0:05:19]} 36. Kg1 {[%emt 0:00:01]} g3 {[%emt 0:01:56]} 37. Nxg3 {[%emt 0:02:33]} Nc2 {[%emt 0:00:48]} 38. Rxa4 {[%emt 0:00:02]} Ncxe3 {[%emt 0:00:42]} 39. Ra8+ {[%emt 0:01:27]} Kd7 {[%emt 0:00:01]} 40. Rb8 {[%emt 0:00:00]} Nf5 {[%emt 0:02:28]} 41. Ne4 {[%emt 0:07:13]} Rh4 {[%emt 0:06:23]} 42. f3 {[%emt 0:00:08]} Nxd4 {[%emt 0:02:29]} 43. Ng5 {[%emt 0:01:21]} Rf4 {[%emt 0:01:26]} 44. Kf2 {[%emt 0:07:00]} Rf5 {[%emt 0:02:45]} 45. Rxb7+ {[%emt 0:00:08]} Kc8 {[%emt 0:02:04]} 46. Rg7 {[%emt 0:01:04]} Rf8 {[%emt 0:03:31]} 47. a4 {[%emt 0:03:10]} e5 {[%emt 0:10:56]} 48. a5 {[%emt 0:01:37]} e4 {[%emt 0:02:55]} 49. Nxe4 {[%emt 0:00:29]} Rxf3+ {[%emt 0:00:15]} 50. Kg1 {[%emt 0:00:43]} Ne6 {[%emt 0:02:07]} 51. Rh7 {[%emt 0:01:48]} Rf4 {[%emt 0:00:32]} 52. d7+ {[%emt 0:02:01]} Kc7 {[%emt 0:00:35]} 53. a6 {[%emt 0:01:47]} Rxe4 {[%emt 0:00:22]} 54. a7 {[%emt 0:00:19]} Ra4 {[%emt 0:00:36]} 55. d8=N+ {[%emt 0:02:32]} Kxd8 {[%emt 0:00:11]} 56. a8=R+ {[%emt 0:00:07]} Rxa8 {[%emt 0:00:05]} 57. Rh8+ {[%emt 0:00:04]} Kc7 {[%emt 0:00:10]} 58. Rxa8 {[%emt 0:00:04]} Nxc5 {[%emt 0:00:05]} 59. Ra7+ {[%emt 0:00:45]} Kb6 {[%emt 0:00:26]} 60. Rh7 {[%emt 0:00:29]} Ne4 {[%emt 0:00:28]} 61. Rh6 {[%emt 0:00:58]} Ndf6 {[%emt 0:00:18]} 62. Rh2 {[%emt 0:00:46]} Kb5 {[%emt 0:00:32]} 63. Rc2 {[%emt 0:00:06]} Nc5 {[%emt 0:00:08]} 64. Kf2 {[%emt 0:00:06]} Kb4 {[%emt 0:00:17]} 65. Rb2+ {[%emt 0:00:28]} Kc3 {[%emt 0:00:49]} 66. Rb6 {[%emt 0:00:22]} Nce4+ {[%emt 0:00:32]} 67. Kg1 {[%emt 0:00:36]} c5 {[%emt 0:00:20]} 68. Rc6 {[%emt 0:00:05]} c4 {[%emt 0:00:40]} 69. Kg2 {[%emt 0:00:18]} Kd4 {[%emt 0:00:18]} 70. Rxc4+ {[%emt 0:00:04]} Kxc4 {[%emt 0:00:04]} 71. Kf3 {[%emt 0:00:09]} Kd4 {[%emt 0:00:15]} 72. Kf4 {[%emt 0:00:04]} Nd6 {[%emt 0:00:16]} 73. Kf3 {[%emt 0:00:03]} Nd5 {[%emt 0:00:05]} 74. Ke2 {[%emt 0:00:08]} Ke4 {[%emt 0:00:16]} 75. Kf2 {[%emt 0:00:04]} Nc3 {[%emt 0:00:09]} 76. Kg3 {[%emt 0:00:04]} Kf5 {[%emt 0:00:29]} 77. Kf3 {[%emt 0:00:05]} Nc4 {[%emt 0:00:04]} 78. Kg3 {[%emt 0:00:03]} Ne5 {[%emt 0:00:10]} 79. Kf2 {[%emt 0:00:05]} Kf4 {[%emt 0:00:05]} 80. Kg2 {[%emt 0:00:04]} Nd3 {[%emt 0:00:15]} 81. Kh3 {[%emt 0:00:06]} Ne4 {[%emt 0:00:14]} 82. Kh4 {[%emt 0:00:09]} Nf6 {[%emt 0:00:06]} 83. Kh3 {[%emt 0:00:04]} Ne1 {[%emt 0:01:04]} 84. Kh4 {[%emt 0:00:17]} Ng2+ {[%emt 0:00:06]} 85. Kh3 {[%emt 0:00:05]} Kf3 {[%emt 0:00:04]} 86. Kh2 {[%emt 0:00:04]} Ng4+ {[%emt 0:00:48]} 87. Kh3 {[%emt 0:00:14]} Nf2+ {[%emt 0:00:09]} 88. Kh2 {[%emt 0:00:05]} Nf4 {[%emt 0:00:34]} 89. Kg1 {[%emt 0:00:03]} Ke2 {[%emt 0:00:05]} 90. Kh2 {[%emt 0:00:05]} Ne4 {[%emt 0:00:10]} 91. Kg1 {[%emt 0:00:30]} Ke1 {[%emt 0:00:27]} 92. Kh2 {[%emt 0:00:17]} Kf2 {[%emt 0:00:47]} 93. Kh1 {[%emt 0:00:05]} Ne2 {[%emt 0:00:43]} 94. Kh2 {[%emt 0:00:39]} Ng5 {[%emt 0:00:08]} 95. Kh1 {[%emt 0:00:01]} Nf3 {[%emt 0:00:23]} 1/2-1/2